000 00659nam0a22002531 4500
001 rc\3508621
005 20130115142400.4
021 _aRU
_b[71-10802]
035 _a(NLR Aleph) 007656385
090 _a6284051
_c6284051
100 _a20130115d1971 |||y0rusy50 ca
101 0 _arus
102 _aRU
105 _aa z |||||
200 1 _aЧеловеку - долго жить
210 _aБаку
_cАзернешр
_d1971
215 _a76 с.
_cил.
_d21
606 _aДолголетие
_2psbo
700 1 _aБозиян
_bХ. А.
801 0 _aRU
_bNLR
_gpsbo
801 1 _aRU
_bELAR
_2rusmarc
852 _aNLR
_j71-4/4241
942 _cBOOK
980 _aNB